01827nam a22003257a 4500999001700000005001700017008004100034020001800075040002700093041000800120044000700128082001600135110005200151245019800203260007000401300009800471504006200569505047700631650002901108650002401137650002201161650001901183650002201202650003401224650001201258710004001270710003601310942001501346952014001361 c20909d2090920200311060440.0200311b xxu||||| |||| 00| 0 spa d a9789588901855 aCO-BoIAVH cCO-BoIAVH  aspa ack a363.7bM66c aMinisterio de Ambiente y Desarrollo Sostenible. aCompensaciones del componente bióticobCaja de herramientas para su gestióncMinisterio de Ambiente y desarrollo sostenible, colaboradores The Nature Conservancy y Fundación Santo Domingo aBogotá:bMinisterio de Ambiente y Desarrollo Sostenible,c2018. a61 , 35 , 16 y 20 páginas bFotografías, ilustraciones, gráficos a color.c30.5 x 26 cm aLos cuatro libros contienen referencias bibliográficas. aLa obra está divida en cuatro partes cada uno en un libro diferente. Primer libro: Manual de compensaciones del componente biótico.(Libro azul) Segundo libro: Bancos de hábitat. Mecanismo para la implementación de compensaciones bióticas. (Libro amarillo) Tercer libro: Bosques de paz. Mecanismos para la implementación de compensaciones. (Libro morado) Cuarto libro: La restauración como acción de compensación para proyectos licenciables. (Libro verde) 0aCompensación ambiental 0aReservas forestales 0aImpacto ambiental 0aFauna y Flora  0aCobertura vegetal 0aRestauración de ecosistemas 0aPaisaje aThe Nature ConservancyeColaborador aFundación Mario Santo Domingo 2ddccLIBRO 00102ddc40708GENERALaBogotabBogotad2020-03-11l0oLB-363.7 M66cp044144r2020-03-11 00:00:00tEj. 1w2020-03-11xDonacionyLIBRO